Normal view MARC view

Entry Personal Name

Number of records used in: 1

001 - CONTROL NUMBER

  • control field: 261099

003 - CONTROL NUMBER IDENTIFIER

  • control field: OSt

005 - DATE AND TIME OF LATEST TRANSACTION

  • control field: 20260409125150.0

008 - FIXED-LENGTH DATA ELEMENTS

  • fixed length control field: 260409|| aca||aabn | a|a d

040 ## - CATALOGING SOURCE

  • Original cataloging agency: OSt
  • Transcribing agency: OSt

100 ## - HEADING--PERSONAL NAME

  • Personal name: MEHRA (Dilip)
  • Dates associated with a name: मेहरा (दिलीप)

670 ## - SOURCE DATA FOUND

  • Source citation: Work cat.: (OSt)136825: MEHRA (Dilip) मेहरा (दिलीप) , Mannu-bhandari ke katha sahitya mein manavjivan ki samasyavo ka nirupan, 2008